[Event "Curitiba IEP&Copel op"]
[Site "Curitiba"]
[Date "2017.05.12"]
[Round "2"]
[White "Bail, Ellen Larissa"]
[Black "Chiaretto, Emannuele Christine"]
[Result "1-0"]
[WhiteElo "1744"]
[BlackElo "1800"]
[PlyCount "31"]
[EventDate "2017.05.12"]
[EventType "swiss"]
[EventRounds "6"]
[EventCountry "BRA"]
[SourceTitle "CBM 178 Extra"]
[Source "ChessBase"]
[SourceDate "2017.06.22"]
[SourceVersion "1"]
[SourceVersionDate "2017.06.22"]
[SourceQuality "1"]

1. Nf3 e6 2. d4 Nc6 3. c4 Bb4+ 4. Nc3 e5 5. d5 Nd4 6. Nxd4 exd4 7. Qxd4 Qf6 8. Qe4+ Ne7 9. Bd2 Bc5 10. e3 Bd6 11. Be2 0-0 12. Nb5 Qxb2 13. Bc3 Qa3 14. Nxa3 Bxa3 15. Qe5 h5 16. Qxg7# 1-0